Necesidades nutritivas de los animales domesticos; necesidades nutritivas de las aves de corral /
Guardado en:
| Formato: | Libro |
|---|---|
| Publicado: |
Buenos Aires :
Hemisferio Sur,
1977
|
| Materias: | |
| Etiquetas: |
Agregar Etiqueta
Sin Etiquetas, Sea el primero en etiquetar este registro!
|
| LEADER | 00577nam a22001815a 4500 | ||
|---|---|---|---|
| 001 | CEM.cems015636 | ||
| 005 | 20091103172810.0 | ||
| 008 | 130507s1977##################000#0#####d | ||
| 003 | CEMS | ||
| 082 | 0 | 4 | |a 636.085 |
| 245 | 0 | 0 | |a Necesidades nutritivas de los animales domesticos; necesidades nutritivas de las aves de corral / |c , |
| 260 | |a Buenos Aires : |b Hemisferio Sur, |c 1977 | ||
| 300 | |a 66 p. | ||
| 653 | |a Avicultura | ||
| 653 | |a Aves de corral | ||
| 653 | |a Aves-nutrición | ||
| 653 | |a Nutrición animal | ||
| 859 | |a CEMS |b BIB. CEMS - Agricultura |h 636.085 |i N28 |p A7200.79 |t Ej.1 |v 4 |3 4 | ||
